000 00542nam a2200193 i 4500
003 OSt
005 20191125133609.0
008 801015s1977 es f000 1 spa
010 _a 78107626
040 _cBMC
082 _a808.0687284
100 1 _aMéndez, José María
_92343
245 1 0 _aTiempo irredimible
_cJosé María Méndez
250 _a1ª ed
260 _aSan Salvador
_bMinisterio de Educación, Dirección de Publicaciones
_c1977
300 _a80 p.
_c18 cm
650 2 4 _929639
_aCuentos salvadoreños
942 _2ddc
_cBK
999 _c18491
_d18491